Le mythe sorcier : et autres essais
Αποθηκεύτηκε σε:
| Κύριος συγγραφέας: | |
|---|---|
| Μορφή: | Βιβλίο |
| Γλώσσα: | French |
| Δημοσίευση: |
Paris :
Petite Bibliotheque Payot,
1973.
|
| Σειρά: | Petite bibliotheque Payot ;
220 |
| Θέματα: | |
| Ετικέτες: |
Προσθήκη ετικέτας
Δεν υπάρχουν, Καταχωρήστε ετικέτα πρώτοι!
|
MARC
| LEADER | 00000cam a2200000 i 4500 | ||
|---|---|---|---|
| 001 | 1/1476 | ||
| 008 | 950711s1973 fr | ||| |||| ||fre|| | ||
| 035 | |l 10014453 | ||
| 040 | |a GR-MyUa |b gre |e AACR2 | ||
| 041 | 0 | |a fre | |
| 082 | 7 | |a 291.62 |2 (22) | |
| 100 | 1 | |a Hocart, A. M. |q (Arthur Maurice), |d 1884-1939. | |
| 245 | 1 | 3 | |a Le mythe sorcier : |b et autres essais / |c A.M. Hocart. |
| 260 | |a Paris : |b Petite Bibliotheque Payot, |c 1973. | ||
| 300 | |a 264 σ. ; |c 18 εκ. | ||
| 490 | 1 | |a (Petite bibliotheque Payot ; |v 220) | |
| 650 | 0 | 0 | |a Witchcraft. |
| 650 | 0 | 0 | |a Magicians. |
| 830 | 0 | |a Petite bibliotheque Payot ; |v 220 | |
| 852 | |a INST |b LESVOS |e 19950711 |h 291.62 HOC |p 005100007742 |q 005100007742 |t BK |y 0 | ||
| 922 | |a 1ΕΛΗ |b 198706 |c ΠΠ/8713 | ||